Word Ladder: Fun Times Quiz Stats

 Plays Quiz not verified by Sporcle

Also try: Five in One II
Challenge
Share
Tweet
Embed
Score 0/33 Timer 03:00
0 Plays Today
Clue Word % Correct
Not lightDARK
96%
Ice cream holder*CONE*
94%
No longer thereGONE
94%
A SimpsonBART
90%
Dash*DART*
86%
Ping ____*PONG*
86%
Ex. 5 of spades*CARD*
82%
StringCORD
82%
Percussion instrument*GONG*
82%
Musical group*BAND*
80%
Stop a vehicle*PARK*
78%
Ex. Shakespeare*BARD*
78%
HarborPORT
76%
Seashore ground*SAND*
76%
Part of a windowPANE
76%
Evil deedsSINS
72%
Cross a river*FORD*
70%
Clue Word % Correct
Stories and myths*LORE*
70%
To Brits, trash cansBINS
70%
A dog does thisPANT
70%
OutpostFORT
68%
ExilesBANS
68%
Annoyance or poisonBANE
68%
Sweat glandPORE
66.7%
Trigonometric functionSINE
66%
WithoutSANS
64%
EvergreensFIRS
58%
Can be cooked on*FIRE*
56%
Short for the keeping going of somethingCONT
56%
Old Italian capitalLIRE
54%
Masculine madamsSIRS
52%
Rear, as in childrenSIRE
52%
SlopeCANT
50%

You're not logged in!

Compare scores with friends on all Sporcle quizzes.
Join for Free
OR
Log In

You Might Also Like...

Show Comments

Extras

Created Mar 16, 2013ReportNominate
Tags:Word Ladder Quiz

Top Quizzes Today


Score Distribution

Your Account Isn't Verified!

In order to create a playlist on Sporcle, you need to verify the email address you used during registration. Go to your Sporcle Settings to finish the process.

Report this User

Report this user for behavior that violates our Community Guidelines.

Details: